000 00894nam a2200253 i 4500
001 11939
003 ES-MaACL
005 20251015063040.0
007 t|
008 970113s1995 sp ||||1| spa d
020 _a84-7840-245-4
080 _a556(460)
080 _a556(469)
100 1 _aBentabol y Ureta, Horacio,
_d1854-1928
_927784
245 1 4 _aLas aguas de España y Portugal /
_cpor Horacio Bentabol y Ureta.
260 _aMadrid :
_bInstituto Tecnológico Geominero de España,
_c1995.
300 _a[18], XVI, 347 p. ;
_c25 cm.
595 _aReproducción facsimil de la ed. de Madrid : Est. tip. de la viuda é hijos de M. Tello, 1900.
650 1 4 _aHidrología-
_zEspaña.
_913340
650 1 4 _aHidrología-
_zPortugal.
_913341
710 2 _aInstituto Tecnológico Geominero de España.
_95243
852 _aES-MaACL
_jG-4674
_bR.124914
999 _c11939
_d11939